Food security in rural sub-Saharan Africa : A household level assessment of crop-livestock systems
Members of rural households in sub-Saharan Africa (SSA) are both vulnerable to the health burdens that stem from food insecurity and central to improving the availability and affordability of wholesome foods. It has been estimated that chronic and hidden hunger can be alleviated by implementing a su...
Wedi'i Gadw mewn:
| Prif Awdur: | |
|---|---|
| Fformat: | Llyfr |
| Iaith: | Undetermined |
| Cyhoeddwyd: |
Netherlands
Wageningen University
2019
|
| Pynciau: | |
| Tagiau: |
Ychwanegu Tag
Dim Tagiau, Byddwch y cyntaf i dagio'r cofnod hwn!
|
| Thư viện lưu trữ: | Trung tâm Học liệu Trường Đại học Cần Thơ |
|---|
| LEADER | 01571nam a2200217Ia 4500 | ||
|---|---|---|---|
| 001 | CTU_236230 | ||
| 008 | 210402s9999 xx 000 0 und d | ||
| 082 | |a 636.007 | ||
| 082 | |b F846 | ||
| 100 | |a Fraval, Simon | ||
| 245 | 0 | |a Food security in rural sub-Saharan Africa : | |
| 245 | 2 | |b A household level assessment of crop-livestock systems | |
| 245 | 0 | |c Simon Fraval | |
| 260 | |a Netherlands | ||
| 260 | |b Wageningen University | ||
| 260 | |c 2019 | ||
| 520 | |a Members of rural households in sub-Saharan Africa (SSA) are both vulnerable to the health burdens that stem from food insecurity and central to improving the availability and affordability of wholesome foods. It has been estimated that chronic and hidden hunger can be alleviated by implementing a suite of nutrition-specific interventions at a cost of US\ |9 .6 billion per annum. This can be accelerated with complementary food system-based interventions. However, such interventions are hampered by a limited understanding of food security status and its associations with rural livelihoods. Therefore, the primary objective of this thesis was to describe, analyse and understand food security in rural landholding households in predominantly mixed crop-livestock agricultural systems of sub-Saharan Africa (SSA). The secondary objective was to improve the methodological basis of household level food security studies. | ||
| 650 | |a Nông nghiệp,Agriculture | ||
| 650 | |x Khía cạnh kinh tế,Economic aspects | ||
| 910 | |b nthai | ||
| 980 | |a Trung tâm Học liệu Trường Đại học Cần Thơ | ||